| 000 | 00796nam a2200253 4500 | ||
|---|---|---|---|
| 001 | 18485 | ||
| 003 | BD-RjUL | ||
| 005 | 20211209000307.0 | ||
| 008 | 941103s1964 pk b 000 0 eng | ||
| 035 | _a(BD-RjUL)18543 | ||
| 040 |
_aDLC _cBD-RjUL _dDLC _beng |
||
| 041 | _aeng | ||
| 082 | 0 | 0 |
_a331.11 _bHAS 1964 |
| 100 | 1 |
_aHabibullah, M. _920300 |
|
| 245 | 1 | 0 |
_aSome aspects of productivity in the jute industry of Pakistan / _c[by] M. Habibullah. |
| 260 |
_a[Dacca] _bBureau of Economic Research, University of Dacca _c[1964] |
||
| 300 |
_axiii, 180 p. _c22 cm. |
||
| 350 | _a8.00 | ||
| 504 | _aBibliography: p. 178-180. | ||
| 650 | 0 |
_aJute industry _xLabor productivity _zPakistan. _956951 |
|
| 650 | 0 |
_aJute industry workers _zPakistan. _956952 |
|
| 942 |
_2ddc _cBK |
||
| 999 |
_c18485 _d18485 |
||